Library Banner

Elementary algebra : (Record no. 118005)

MARC details
000 -LEADER
fixed length control field 00576cam a2200205 i 4500
001 - CONTROL NUMBER
control field 20114356
005 - DATE AND TIME OF LATEST TRANSACTION
control field 20200728105013.0
008 - FIXED-LENGTH DATA ELEMENTS--GENERAL INFORMATION
fixed length control field 171101s2019 maua 001 0 eng
020 ## - INTERNATIONAL STANDARD BOOK NUMBER
International Standard Book Number 9780134756998 (hbk.)
040 ## - CATALOGING SOURCE
Transcribing agency PK-LaUMT
082 00 - DEWEY DECIMAL CLASSIFICATION NUMBER
Classification number 512.9
Edition number 23
Item number LEH-E
100 1# - MAIN ENTRY--PERSONAL NAME
Personal name Lehmann, Jay
245 10 - TITLE STATEMENT
Title Elementary algebra :
Remainder of title graphs & authentic applications /
Statement of responsibility, etc by Jay Lehmann
250 ## - EDITION STATEMENT
Edition statement 3rd ed.
260 ## - PUBLICATION, DISTRIBUTION, ETC. (IMPRINT)
Place of publication, distribution, etc New York :
Name of publisher, distributor, etc Pearson,
Date of publication, distribution, etc 2019
300 ## - PHYSICAL DESCRIPTION
Extent xxv, 692 p. :
Other physical details color illustrations ;
Dimensions 29 cm
500 ## - GENERAL NOTE
General note Includes indexes.
650 #0 - SUBJECT ADDED ENTRY--TOPICAL TERM
Topical term or geographic name as entry element Algebra
942 ## - ADDED ENTRY ELEMENTS (KOHA)
Koha item type Books
Holdings
Withdrawn status Lost status Damaged status Home library Current library Date acquired Full call number Barcode Date last seen Price effective from Koha item type
      UMT Main Campus UMT Main Campus 2020-07-28 512.9 LEH-E 134443 2020-07-28 2020-07-28 Books